00574nam a2200121Ia 45000010005000000080041000050820051000461000056000972450242001532600015003959010027004109990015004373338241024s9999 xx 000 0 und d aRD/348.086945/R426l/136-03/24-97 LIBRO NO ESTA aRepública Dominicana. Despacho de la Primera Dama 0aLey 136-03 Código para el sistema de protección y los derechos fundamentales de niños, niñas y adolecentes y Ley 24-97, que modifica el Código Penal Dominicano, sanciona la violencia contra la mujer, doméstica e intrafamiliar b2008c2008 a9/10/2013 5:21:17 p.m. c9518d9518